Cuesta abajo (Registro nro. 3996)
[ vista simple ]
| 000 -LEADER | |
|---|---|
| fixed length control field | 01317 a2200349 4500 |
| 001 - CONTROL NUMBER | |
| control field | 45776 |
| 005 - DATE AND TIME OF LATEST TRANSACTION | |
| control field | 20260407155729.0 |
| 008 - FIXED-LENGTH DATA ELEMENTS--GENERAL INFORMATION | |
| fixed length control field | 260407a1992 arg spa d |
| 003 - CONTROL NUMBER IDENTIFIER | |
| control field | AR-UNSa-BCEJYS |
| 040 ## - CATALOGING SOURCE | |
| Original cataloging agency | AR-UNSa-BCEJYS |
| Language of cataloging | spa |
| Transcribing agency | AR-UNSa-BCEJYS |
| 080 ## - UNIVERSAL DECIMAL CLASSIFICATION NUMBER | |
| Universal Decimal Classification number | 338.124 |
| Common auxiliary subdivision | Retroceso de la actividad económica. Contracción económica (Pobreza...) |
| 020 ## - INTERNATIONAL STANDARD BOOK NUMBER | |
| International Standard Book Number | 950-03-8346-2 |
| 041 ## - LANGUAGE CODE | |
| Language code of text/sound track or separate title | spa |
| 100 1# - MAIN ENTRY--PERSONAL NAME | |
| Personal name | Beccaria, Luis A. |
| 245 10 - TITLE STATEMENT | |
| Title | Cuesta abajo |
| Name of part/section of a work | los nuevos pobres: efectos de la crisis en la sociedad argentina |
| 264 #1 - PRODUCTION, PUBLICATION, DISTRIBUTION, MANUFACTURE, AND COPYRIGHT NOTICE | |
| Place of production, publication, distribution, manufacture | Buenos Aires : |
| Name of producer, publisher, distributor, manufacturer | UNICEF |
| Date of production, publication, distribution, manufacture, or copyright notice | 1992 |
| 300 ## - PHYSICAL DESCRIPTION | |
| Extent | 300 p. |
| Dimensions | 20 cm. |
| 505 ## - FORMATTED CONTENTS NOTE | |
| Formatted contents note | 1. Transformaciones en la estructura social Argentina - 2. El Estado ante la crisis o la crisis del Estado - 3. Conductas para amortiguar la caída - 4. La conceptualización de la pobreza. |
| 590 ## - LOCAL NOTE (RLIN) | |
| Local note | niveau_biblio:m niveau_hierar:0 |
| 700 1# - ADDED ENTRY--PERSONAL NAME | |
| Personal name | Minujin, Alberto |
| 700 1# - ADDED ENTRY--PERSONAL NAME | |
| Personal name | Bustelo, Eduardo S. |
| 700 1# - ADDED ENTRY--PERSONAL NAME | |
| Personal name | Feijoó, María del Carmen |
| 700 1# - ADDED ENTRY--PERSONAL NAME | |
| Personal name | Feldman, Silvio |
| 700 1# - ADDED ENTRY--PERSONAL NAME | |
| Personal name | Gershanik, Alicia |
| 700 1# - ADDED ENTRY--PERSONAL NAME | |
| Personal name | González, Horacio |
| 700 1# - ADDED ENTRY--PERSONAL NAME | |
| Personal name | Halperin, Jorge |
| 700 1# - ADDED ENTRY--PERSONAL NAME | |
| Personal name | Karol, Jorge L. |
| 700 1# - ADDED ENTRY--PERSONAL NAME | |
| Personal name | Murmis, Miguel |
| 700 1# - ADDED ENTRY--PERSONAL NAME | |
| Personal name | Tenti Fanfani, Emilio |
| 856 41 - ELECTRONIC LOCATION AND ACCESS | |
| Uniform Resource Identifier | <a href="https://www.biblioeco.unsa.edu.ar/pmb/images/libros/L127180.jpg">https://www.biblioeco.unsa.edu.ar/pmb/images/libros/L127180.jpg</a> |
| Link text | Imagen de portada |
| Electronic format type | image/jpeg |
| 942 ## - ADDED ENTRY ELEMENTS (KOHA) | |
| Koha item type | |
| Withdrawn status | Lost status | Damaged status | Not for loan | Home library | Current library | Shelving location | Date acquired | Total checkouts | Full call number | Barcode | Date last seen | Price effective from | Koha item type |
|---|---|---|---|---|---|---|---|---|---|---|---|---|---|
| Biblioteca Prof. Eusebio Cleto del Rey | Biblioteca Prof. Eusebio Cleto del Rey | 07/04/2026 | 338.124 M668 | L127180 | 07/04/2026 | 07/04/2026 | Libro |